Popularne kabarety - Statystyki

Ogólne statystyki
  • Ten quiz został rozwiązany 55 razy
    54 od ostatniego zresetowania
  • Średni wynik to 14 z 28
Statystyki odpowiedzi
Kabaret % Poprawnych
Moralnego niepokoju
88%
Młodych panów
79%
Ani mru mru
76%
Skeczów męczących
76%
Smile
76%
Hrabi
70%
Neo - Nówka
67%
Paranienormalni
64%
K2
61%
Nowaki
61%
Jurki
58%
Łowcy.B
58%
Formacja Chatelet
48%
TEY
48%
Czesuaf
45%
Pod Wyrwigroszem
45%
Limo
42%
Potem
42%
Chyba
39%
Koń Polski
39%
OT.TO
39%
Rak
39%
Dno
36%
Dudek
36%
Grupa Mocarta
33%
Mumio
33%
Ciach
30%
Grzegorz Halama Oklasky
12%
Nie znaleziono quizów pasujących do podanych kryteriów
Rozkład punktacji
Procent ludzi z każdym wynikiem
Percentyl według liczby udzielonych odpowiedzi
Twoja historia wyników
Nie rozwiązałeś tego quizu od ostatniego zresetowania